| Tag |
First Indicator |
Second Indicator |
Subfields |
| LEADER |
00000uam a2200000 a 4500 |
| 001 |
in00004100253 |
| 005 |
20260123214200.1 |
| 006 |
m o d |
| 007 |
cr cn |
| 008 |
291015s2015 xx o eng |
| 020 |
|
|
|z 9781119037996
|
| 020 |
|
|
|z 1119037999
|
| 035 |
|
|
|a (CaSebORM)9781119037996
|
| 040 |
|
|
|d UtOrBLW
|
| 041 |
0 |
|
|a eng
|
| 100 |
1 |
|
|a Hilpisch, Yves,
|e author.
|
| 245 |
1 |
0 |
|a Derivatives Analytics with Python :
|b Data Analysis, Models, Simulation, Calibration and Hedging /
|c Hilpisch, Yves.
|
| 250 |
|
|
|a 1st edition.
|
| 264 |
|
1 |
|b Wiley,
|c 2015.
|
| 300 |
|
|
|a 1 online resource (376 pages)
|
| 336 |
|
|
|a text
|b txt
|2 rdacontent
|
| 337 |
|
|
|a computer
|b c
|2 rdamedia
|
| 338 |
|
|
|a online resource
|b cr
|2 rdacarrier
|
| 347 |
|
|
|a text file
|
| 520 |
|
|
|a Supercharge options analytics and hedging using the power of Python Derivatives Analytics with Python shows you how to implement market-consistent valuation and hedging approaches using advanced financial models, efficient numerical techniques, and the powerful capabilities of the Python programming language. This unique guide offers detailed explanations of all theory, methods, and processes, giving you the background and tools necessary to value stock index options from a sound foundation. You'll find and use self-contained Python scripts and modules and learn how to apply Python to advanced data and derivatives analytics as you benefit from the 5,000+ lines of code that are provided to help you reproduce the results and graphics presented. Coverage includes market data analysis, risk-neutral valuation, Monte Carlo simulation, model calibration, valuation, and dynamic hedging, with models that exhibit stochastic volatility, jump components, stochastic short rates, and more. The companion website features all code and IPython Notebooks for immediate execution and automation. Python is gaining ground in the derivatives analytics space, allowing institutions to quickly and efficiently deliver portfolio, trading, and risk management results. This book is the finance professional's guide to exploiting Python's capabilities for efficient and performing derivatives analytics. Reproduce major stylized facts of equity and options markets yourself Apply Fourier transform techniques and advanced Monte Carlo pricing Calibrate advanced option pricing models to market data Integrate advanced models and numeric methods to dynamically hedge options Recent developments in the Python ecosystem enable analysts to implement analytics tasks as performing as with C or C++, but using only about one-tenth of the code or even less. Derivatives Analytics with Python - Data Analysis, Models, Simulation, Calibration and Hedging shows you what you need to know to supercharge your derivatives and risk analytics efforts.
|
| 533 |
|
|
|a Electronic reproduction.
|b Boston, MA :
|c Safari,
|n Available via World Wide Web.
|d 2015.
|
| 538 |
|
|
|a Mode of access: World Wide Web.
|
| 542 |
|
|
|f Copyright © Wiley
|g 2015
|
| 588 |
|
|
|a Online resource; Title from title page (viewed August 3, 2015)
|
| 500 |
|
|
|a Electronic resource.
|
| 655 |
|
7 |
|a Electronic books.
|2 local
|
| 710 |
2 |
|
|a Safari, an O'Reilly Media Company.
|
| 856 |
4 |
0 |
|u https://proxy.library.tamu.edu/login?url=https://go.oreilly.com/TAMU/library/view/-/9781119037996/?ar
|z Connect to this electronic resource
|t 0
|
| 999 |
f |
f |
|s f3f75c8e-a61d-3f8a-8c1f-6b4fa05415fb
|i 73702b47-0c6c-33cd-9e9b-cefb1c1c6a8a
|t 0
|
| 952 |
f |
f |
|a Texas A&M University
|b College Station
|c Electronic Resources
|s www_evans
|d Available Online
|t 0
|h No information provided
|
| 998 |
f |
f |
|t 0
|l Available Online
|